[Event "Geraardsbergen op 36th"]
[Site "Geraardsbergen"]
[Date "2021.08.11"]
[Round "7"]
[White "Ghysels, Marc"]
[Black "Van Baar, Esper"]
[Result "1/2-1/2"]
[WhiteElo "2014"]
[BlackElo "2253"]
[PlyCount "69"]
[EventDate "2021.08.08"]
[EventType "swiss"]
[EventRounds "9"]
[EventCountry "BEL"]
[SourceTitle "CBM 203 Extra"]
[Source "ChessBase"]
[SourceDate "2021.09.30"]
[SourceVersion "1"]
[SourceVersionDate "2021.09.30"]
[SourceQuality "1"]

1. e4 c5 2. Nf3 d6 3. c3 Nf6 4. Be2 g6 5. 0-0 Bg7 6. Re1 0-0 7. Bf1 Nc6 8. h3 e5 9. a4 Re8 10. d3 d5 11. Nbd2 b6 12. Qc2 h6 13. Kh2 Be6 14. g3 Qd7 15. Bg2 Rad8 16. Nf1 dxe4 17. dxe4 Bc4 18. N3d2 Bd3 19. Qd1 Qe6 20. Qf3 Ba6 21. Ne3 Rd7 22. h4 Qe7 23. Bh3 Rdd8 24. Nd5 Qd6 25. Nxf6+ Qxf6 26. Qxf6 Bxf6 27. Nf1 Bg7 28. Ne3 Bb7 29. Nc4 h5 30. Be3 Ba6 31. Bf1 Kh7 32. Rad1 Rxd1 33. Rxd1 Rd8 34. Rxd8 Nxd8 35. Bd3 1/2-1/2

[Event "BEL-chT 1213"]
[Site "Belgium"]
[Date "2013.03.24"]
[Round "11.5"]
[White "Ghysels, Marc"]
[Black "Schuermans, Robert"]
[Result "1-0"]
[WhiteElo "2095"]
[BlackElo "2184"]
[PlyCount "91"]
[EventDate "2012.09.23"]
[EventType "team-tourn"]
[EventRounds "11"]
[EventCountry "BEL"]
[SourceTitle "EXT 2014"]
[Source "ChessBase"]
[SourceDate "2013.11.20"]
[SourceVersion "1"]
[SourceVersionDate "2013.11.20"]
[SourceQuality "1"]
[WhiteTeam "Zottegem"]
[BlackTeam "Deurne"]
[WhiteTeamCountry "BEL"]
[BlackTeamCountry "BEL"]

1. e4 e5 2. Nf3 Nc6 3. Bc4 Nf6 4. d3 d5 5. exd5 Nxd5 6. 0-0 Bc5 7. Re1 0-0 8. h3 Nb6 9. Bb3 a5 10. a3 a4 11. Ba2 Be6 12. Bxe6 fxe6 13. Nc3 Nd4 14. Nxd4 exd4 15. Ne4 Be7 16. Qg4 Qd5 17. Bf4 e5 18. Bg5 Rae8 19. Re2 Bxg5 20. Nxg5 Nd7 21. Rae1 h6 22. Nf3 Qf7 23. Qg3 Re6 24. Nxe5 Nxe5 25. Rxe5 Rg6 26. Re7 Rxg3 27. Rxf7 Rxg2+ 28. Kxg2 Kxf7 29. Re5 b6 30. Rd5 c5 31. Rd6 Rb8 32. Rc6 Rb7 33. Kf3 g6 34. h4 Kg7 35. c3 dxc3 36. bxc3 Rd7 37. Ke4 Re7+ 38. Kd5 Rd7+ 39. Rd6 Rxd6+ 40. Kxd6 h5 41. f4 Kf6 42. Kc6 Kf5 43. d4 b5 44. Kxc5 Kxf4 45. d5 g5 46. d6 1-0

[Event "Geraardsbergen op 28th"]
[Site "Geraardsbergen"]
[Date "2012.08.14"]
[Round "7"]
[White "Ghysels, Marc"]
[Black "Barbier, Sigiswald"]
[Result "1/2-1/2"]
[WhiteElo "2146"]
[BlackElo "2156"]
[PlyCount "53"]
[EventDate "2012.08.11"]
[EventType "swiss"]
[EventRounds "9"]
[EventCountry "BEL"]
[SourceTitle "EXT 2013"]
[Source "ChessBase"]
[SourceDate "2012.11.22"]
[SourceVersion "1"]
[SourceVersionDate "2012.11.22"]
[SourceQuality "1"]

1. e4 c5 2. Nf3 g6 3. d4 cxd4 4. Nxd4 Nc6 5. Nc3 Bg7 6. Be3 Nf6 7. Bc4 0-0 8. Bb3 a5 9. 0-0 Ng4 10. Qxg4 Nxd4 11. Qh4 e6 12. Qxd8 Rxd8 13. Rfd1 Nxb3 14. axb3 Ra6 15. b4 axb4 16. Nb5 Bxb2 17. Rxa6 bxa6 18. Bb6 Rf8 19. Nd6 Be5 20. Bc5 Bxd6 21. Bxd6 Re8 22. e5 Bb7 23. Bxb4 Bc6 24. Ra1 Bb5 25. f4 Rc8 26. c3 Kg7 27. Kf2 1/2-1/2

[Event "Ghent Taminco op 35th"]
[Site "Ghent"]
[Date "2012.07.16"]
[Round "5"]
[White "Ghysels, Marc"]
[Black "Moens, Patrick"]
[Result "1-0"]
[WhiteElo "2146"]
[BlackElo "2000"]
[PlyCount "63"]
[EventDate "2012.07.14"]
[EventType "swiss"]
[EventRounds "9"]
[EventCountry "BEL"]
[SourceTitle "CBM 149 Extra"]
[Source "ChessBase"]
[SourceDate "2012.08.24"]
[SourceVersion "1"]
[SourceVersionDate "2012.08.24"]
[SourceQuality "1"]

1. e4 c5 2. Nf3 d6 3. c3 g6 4. d4 cxd4 5. cxd4 Bg7 6. Nc3 e6 7. Be3 Ne7 8. Qd2 0-0 9. h4 h5 10. Bc4 Nbc6 11. a3 d5 12. Ba2 dxe4 13. Nxe4 Nf5 14. 0-0-0 Nxe3 15. fxe3 b5 16. g4 hxg4 17. Nfg5 b4 18. a4 b3 19. Bxb3 Rb8 20. Ba2 Nb4 21. Bc4 Ba6 22. Bxa6 Nxa6 23. Nc3 Nb4 24. Nge4 Qa5 25. h5 Rfc8 26. Nc5 Rxc5 27. dxc5 Qxc5 28. h6 Na2+ 29. Kc2 Nb4+ 30. Kb1 Bh8 31. h7+ Kg7 32. Qh2 1-0